Logo BPK

Biblioteka

Politechniki Koszalińskiej

Badanie korelacji pomiędzy strukturą domenową a własnościami elektrycznymi kryształów grupy TG3 / (Rekord nr 16495)

Szczegóły MARC
000 -ETYKIETA REKORDU
podpole kontrolne o stałej długości 00392nam a2200133 i 4500
001 - NUMER KONTROLNY REKORDU
pole kontrolne bg
040 ## - ŹRÓDŁO KATALOGOWANIA
Instytucja, która utworzyła rekord BPK
041 ## - KOD JĘZYKA
Kod języka tekstu pol
008 - POLE O STAŁEJ DŁUGOŚCI - DANE KONTROLNE
podpole kontrolne o stałej długości s pl f |000 0 pol
100 1# - NAZWA OSOBOWA
Nazwa osobowa STANKOWSKA, Jadwiga
245 #0 - TYTUŁ/ODPOWIEDZIALNOŚĆ
Tytuł Badanie korelacji pomiędzy strukturą domenową a własnościami elektrycznymi kryształów grupy TG3 /
Pozostałe elementy strefy tytułu i oznaczenia odpowiedzialności Jadwiga Stankowska.
260 ## - STREFA ADRESU WYDAWNICZEGO
Miejsce wydania Poznań,
Data publikacji, dystrybucji/powstania dokumentu 1975.
856 ## - LOKALIZACJA I DOSTĘP DO ELEKTRONICZNYCH DOKUMENTÓW ZDALNYCH
Link (URL) http://koha.tu.koszalin.pl/cgi-bin/koha/opac-detail.pl?biblionumber=16495
Tekst linku Katalog online BPK
942 ## - DODATKOWE ELEMENTY (KOHA)
Typ dokumentu Książka
Egzemplarze
Wycofany Status egzemplarza Uszkodzony Dostępność Lokalizacja stała Lokalizacja bieżąca Miejsce przechowywania Sygnatura Kod kreskowy Typ dokumentu
      Dostępny Biblioteka Politechniki Koszalińskiej Biblioteka Politechniki Koszalińskiej Wypożyczalnia BG 20264 01690569 Książka
© 2023 Biblioteka Politechniki Koszalińskiej :: KOHA